000 00335nam a2200133Ia 4500
008 220204s9999 xx 000 0 und d
082 _a635.9
_bRAN
100 _aRANDALL, Harry
245 0 _aGrowing chrysanthemums
260 _aLondon
_bCroom Helm
_c1983
650 _aChrysanthemum cultivation
700 _aWREN, Alan
942 _cBK
999 _c38038
_d38038